| 000 | 00973cam a2200289 a 4500 | ||
|---|---|---|---|
| 001 | 4591 | ||
| 003 | BD-RjUL | ||
| 005 | 20211208233923.0 | ||
| 008 | 131223s19631962nyu 001 0 eng d | ||
| 035 | _a(BD-RjUL)4626 | ||
| 040 |
_aBD-RjUL _beng _cBD-RjUL |
||
| 041 | _aeng | ||
| 082 | 0 | 0 |
_a338.911724 _218 |
| 082 | 0 | 4 |
_a338.911724 _218 _bBLD 1963 |
| 100 | 1 |
_aBlack, Eugene R. _q(Eugene Robert), _d1898-1992. _914490 |
|
| 245 | 1 | 4 |
_aThe diplomacy of economic development / _cEugene R. Black |
| 260 |
_aCambridge, Mass : _bHarvard University Press, _cc1963. |
||
| 300 |
_a74 p. ; _c22 cm. |
||
| 490 | 0 | _aWilliam L. Clayton lectures on international economic affairs and foreign policy | |
| 504 | _aIncludes index. | ||
| 650 | 1 |
_aEconomic development. _914491 |
|
| 710 | 2 |
_aFletcher School of Law and Diplomacy. _914492 |
|
| 710 | 2 |
_aWilliam L. Clayton Center for International Economic Affairs. _914493 |
|
| 942 |
_2ddc _cBK |
||
| 999 |
_c4591 _d4591 |
||